| 000 -LEADER |
| fixed length control field |
00719cam a22001577a 4500 |
| 008 - FIXED-LENGTH DATA ELEMENTS--GENERAL INFORMATION |
| fixed length control field |
180718b2008 xxu||||| |||| 00| 0 eng d |
| 020 ## - INTERNATIONAL STANDARD BOOK NUMBER |
| International Standard Book Number |
9788189937805 |
| 082 ## - DEWEY DECIMAL CLASSIFICATION NUMBER |
| Classification number |
F8x54 R18p/1 |
| 245 ## - TITLE STATEMENT |
| Title |
Parliamentary and assembly constituencies with SC, ST, hindu, muslim, sikh, christian, jain, buddhista |
| Statement of responsibility, etc. |
edied by N. Koteswar Rao and G. Rajitha |
| 260 ## - PUBLICATION, DISTRIBUTION, ETC. |
| Place of publication, distribution, etc. |
New Delhi |
| Name of publisher, distributor, etc. |
Arise |
| Date of publication, distribution, etc. |
2008 |
| 300 ## - PHYSICAL DESCRIPTION |
| Extent |
4 vols. |
| 440 ## - SERIES STATEMENT/ADDED ENTRY--TITLE |
| Title |
Contents: v.1. Adman & Nicobar, Andhra Pradesh, Karnataka, Kerala, Lakshadweep, 323p.; v.2.Chattisgarh, Dadra & Nagar Haveli, 415p.; v.3. Chandigarh, Delhi, Haryana, 341p.; v.4. Assam, Arunachal Pradesh, Bihar, 411p. |
| 650 ## - SUBJECT ADDED ENTRY--TOPICAL TERM |
| Topical term or geographic name entry element |
Elections - India |
| 700 ## - ADDED ENTRY--PERSONAL NAME |
| Personal name |
Rajitha, G. |
| 700 ## - ADDED ENTRY--PERSONAL NAME |
| Personal name |
Rao, N. Koteswar |